| 000 | 00606nam a2200205 a 4500 | ||
|---|---|---|---|
| 001 | BRCA_6222 | ||
| 005 | 20190320205356.0 | ||
| 008 | 190711s1920----gw-abc####---#000-0#ger-# | ||
| 041 | _ager | ||
| 044 | _agw | ||
| 050 | 4 |
_aD576 _b.G3 L57 _c1920 |
|
| 100 | 1 |
_aLettow-Vorbeck, Paul Emil von _d1870- _915636 |
|
| 245 | 1 | 0 |
_aMeine Erinnerungen aus Ostafrika _cvon General von Lettow-Vorbeck. |
| 260 |
_aLeipzig _bK. F. Koehler _c1920 |
||
| 300 |
_axiv., 302 p. _bil. (algunas a color), retratos, mapas _c22 cm |
||
| 500 | _aK82 | ||
| 650 | 1 | 4 |
_aGuerra Europea, 1914-1918 _97797 |
| 902 | _aGFM | ||
| 942 |
_2lcc _cB |
||
| 999 |
_c5909 _d5909 |
||